000 01313cam a2200133 4500500
005 20260329023206.0
041 _afre
042 _adc
100 1 0 _aLallement, Michel
_eauthor
245 0 0 _aHistoire des idées sociologiques - Tome 2 : De Parsons aux contemporains
260 _bArmand Colin,
_c2017.
520 _aCet ouvrage offre un large panorama de la sociologie moderne et contemporaine en montrant la diversité des pratiques et des courants sociologiques qui se sont développés depuis le début du XXe siècle aux États-Unis et en Europe occidentale. Il accorde tout d'abord une attention particulière aux théories de l'intégration par le social (culturalisme, fonctionnalisme, structuralisme). Puis il examine les analyses qui mettent en avant les contradictions et les conflits au cœur de nos sociétés (sociologies radicales et critiques, actionnalisme...). Il présente en troisième lieu les écoles qui donnent priorité à l'individu et au microsocial (individualisme méthodologique, interactionnisme, ethnométhodologie). Une dernière partie rend compte des théories des temps présents (sociologies de l'individu et des réseaux, postmodernisme...).
856 4 1 _uhttps://shs.cairn.info/histoire-des-idees-sociologiques--9782200617912?lang=fr&redirect-ssocas=7080
999 _c1925365
_d1925365